[Event "CRO-chT (Women)"]
[Site "Bol"]
[Date "2014.10.10"]
[Round "7.4"]
[White "Macek, Vlasta"]
[Black "Bazaj Bockai, Snjezana"]
[Result "1-0"]
[WhiteElo "2150"]
[BlackElo "2102"]
[PlyCount "124"]
[EventDate "2014.10.04"]
[EventType "team-tourn"]
[EventRounds "7"]
[EventCountry "CRO"]
[SourceTitle "CBM 162 Extra"]
[Source "ChessBase"]
[SourceDate "2014.10.17"]
[SourceVersion "1"]
[SourceVersionDate "2014.10.17"]
[SourceQuality "1"]
[WhiteTeam "Zagreb Mladost (W)"]
[BlackTeam "Rijeka Draga (W)"]
[WhiteTeamCountry "CRO"]
[BlackTeamCountry "CRO"]

1. d4 Nf6 2. c4 d5 3. Nc3 dxc4 4. e3 e6 5. Bxc4 Be7 6. Nf3 0-0 7. 0-0 a6 8. Qe2 b5 9. Bd3 Nbd7 10. Rd1 Bb7 11. a3 c5 12. dxc5 Bxc5 13. b4 Be7 14. Bb2 Qb6 15. Rac1 Rac8 16. Bb1 Rfd8 17. h3 Nf8 18. Ne5 Ng6 19. Nxg6 hxg6 20. Rxd8+ Rxd8 21. Rd1 Qc6 22. f3 Rxd1+ 23. Qxd1 Qb6 24. Qd2 Bd6 25. Ne2 Bb8 26. Kf1 Bd5 27. Bd4 Qc7 28. e4 Bc4 29. Bd3 Bxd3 30. Qxd3 Nh5 31. Qc3 Qd8 32. e5 g5 33. Qe3 g6 34. g4 Nf4 35. Nxf4 gxf4 36. Qxf4 Qh4 37. Kg2 Qe1 38. Qg3 Qd2+ 39. Qf2 Qf4 40. Qb2 Kg7 41. Qc3 Kh7 42. Qc5 Qd2+ 43. Bf2 Kg7 44. Qd4 Qc1 45. f4 Qc6+ 46. Kg3 Bc7 47. Qc5 Qd7 48. Bd4 Kh7 49. Qc3 a5 50. Bc5 axb4 51. axb4 Qd5 52. Qd4 Qc6 53. Qd3 Kg8 54. h4 Qe8 55. Bd6 Bd8 56. f5 exf5 57. gxf5 g5 58. hxg5 Bxg5 59. Kg4 Bh6 60. Kh5 Bf4 61. Qd5 Kh7 62. Kg4 Bc1 1-0

[Event "CRO-chT (Women)"]
[Site "Bol"]
[Date "2014.10.07"]
[Round "4.3"]
[White "Bazaj Bockai, Snjezana"]
[Black "Ivekovic, Ana"]
[Result "0-1"]
[WhiteElo "2102"]
[BlackElo "2087"]
[PlyCount "82"]
[EventDate "2014.10.04"]
[EventType "team-tourn"]
[EventRounds "7"]
[EventCountry "CRO"]
[SourceTitle "CBM 162 Extra"]
[Source "ChessBase"]
[SourceDate "2014.10.17"]
[SourceVersion "1"]
[SourceVersionDate "2014.10.17"]
[SourceQuality "1"]
[WhiteTeam "Rijeka Draga (W)"]
[BlackTeam "Vrbovsko Goran (W)"]
[WhiteTeamCountry "CRO"]
[BlackTeamCountry "CRO"]

1. e4 d6 2. d4 Nf6 3. Nc3 g6 4. Nf3 Bg7 5. Be2 0-0 6. 0-0 c6 7. h3 Nbd7 8. a4 Qc7 9. Be3 Re8 10. Nh2 e5 11. d5 cxd5 12. exd5 a6 13. Ra3 Nb6 14. Rb3 Nc4 15. Bc1 Rd8 16. Rb4 Nb6 17. Be3 Nbd7 18. Qd2 Nf8 19. Bb6 Qe7 20. a5 h6 21. Be3 Kh7 22. Na4 N6d7 23. Ng4 f5 24. Nh2 f4 25. Bb6 Nxb6 26. Nxb6 Rb8 27. Re1 Nd7 28. Bd3 Nc5 29. f3 Qg5 30. Kh1 Qh4 31. Nc4 Bf8 32. Rb6 Re8 33. Ra1 Bf5 34. b4 Bxd3 35. cxd3 Nb3 36. Qb2 Nxa1 37. Qxa1 h5 38. Kg1 Qf6 39. Nf1 Qf7 40. b5 Qxd5 41. bxa6 bxa6 0-1

[Event "CRO-chT (Women)"]
[Site "Bol"]
[Date "2014.10.04"]
[Round "1.1"]
[White "Bazaj Bockai, Snjezana"]
[Black "Saric, Zrinka"]
[Result "0-1"]
[WhiteElo "2102"]
[BlackElo "2115"]
[PlyCount "72"]
[EventDate "2014.10.04"]
[EventType "team-tourn"]
[EventRounds "7"]
[EventCountry "CRO"]
[SourceTitle "CBM 162 Extra"]
[Source "ChessBase"]
[SourceDate "2014.10.17"]
[SourceVersion "1"]
[SourceVersionDate "2014.10.17"]
[SourceQuality "1"]
[WhiteTeam "Rijeka Draga (W)"]
[BlackTeam "Rijeka Liburnija (W)"]
[WhiteTeamCountry "CRO"]
[BlackTeamCountry "CRO"]

1. e4 c5 2. Nf3 Nc6 3. d4 cxd4 4. Nxd4 g6 5. c4 d6 6. Nc3 Nf6 7. Be2 Nxd4 8. Qxd4 Bg7 9. 0-0 0-0 10. Qd3 Bd7 11. Bg5 Bc6 12. Rad1 a5 13. Rfe1 Re8 14. Qe3 Nd7 15. Bf1 a4 16. b4 axb3 17. axb3 Ra3 18. Nb1 Ra2 19. b4 Ba4 20. Rd2 Ra1 21. Rc1 Qa8 22. Bd3 Ne5 23. Be2 Bd7 24. c5 Ng4 25. Qg3 Nf6 26. Bf3 Bc6 27. cxd6 exd6 28. Rxd6 Nxe4 29. Bxe4 Bxe4 30. Qb3 Bxb1 31. Rd7 Ba2 32. Rxa1 Bxb3 33. Rxa8 Rxa8 34. g3 Be6 35. Rd1 Bc3 36. Be7 Bh3 0-1

[Event "CRO-chT (Women)"]
[Site "Bol"]
[Date "2013.09.18"]
[Round "5.1"]
[White "Hlavac, Iva"]
[Black "Bazaj Bockai, Snjezana"]
[Result "0-1"]
[WhiteElo "1911"]
[BlackElo "2099"]
[PlyCount "48"]
[EventDate "2013.09.14"]
[EventType "team-tourn"]
[EventRounds "7"]
[EventCountry "CRO"]
[SourceTitle "CBM 156 Extra"]
[Source "ChessBase"]
[SourceDate "2013.10.22"]
[SourceVersion "1"]
[SourceVersionDate "2013.10.22"]
[SourceQuality "1"]
[WhiteTeam "Djakovo Dama (W)"]
[BlackTeam "Rijeka Draga (W)"]
[WhiteTeamCountry "CRO"]
[BlackTeamCountry "CRO"]

1. e4 c5 2. Nf3 a6 3. d4 cxd4 4. Nxd4 Nf6 5. e5 Qa5+ 6. c3 Qxe5+ 7. Be2 g6 8. Nd2 Bg7 9. Nc4 Qc7 10. Qb3 b5 11. Na3 0-0 12. Be3 Bb7 13. Bf3 Bxf3 14. Nxf3 Nc6 15. Nc2 Rac8 16. 0-0 e5 17. h3 d5 18. Qa3 Ra8 19. Bc5 Rfe8 20. Bd6 Qb7 21. Rfe1 Ne4 22. Ne3 Nxd6 23. Qxd6 Rad8 24. Qc5 Bf8 0-1

[Event "CRO-chT (Women) 21st"]
[Site "Sibenik"]
[Date "2012.09.27"]
[Round "6.2"]
[White "Ascic, Iva"]
[Black "Bazaj Bockai, Snjezana"]
[Result "0-1"]
[WhiteElo "2006"]
[BlackElo "2090"]
[PlyCount "102"]
[EventDate "2012.09.23"]
[EventType "team-tourn"]
[EventRounds "9"]
[EventCountry "CRO"]
[SourceTitle "CBM 150 Extra"]
[Source "ChessBase"]
[SourceDate "2012.10.19"]
[SourceVersion "1"]
[SourceVersionDate "2012.10.19"]
[SourceQuality "1"]
[WhiteTeam "Ravna Gora Goranka (W)"]
[BlackTeam "Rijeka Draga (W)"]
[WhiteTeamCountry "CRO"]
[BlackTeamCountry "CRO"]

1. e4 c5 2. Nf3 e6 3. b3 d6 4. Bb5+ Nc6 5. Bxc6+ bxc6 6. c4 Nf6 7. Nc3 e5 8. 0-0 g6 9. d3 Bg7 10. Bb2 0-0 11. Qd2 Bg4 12. Qd1 Nh5 13. h3 Be6 14. Ne2 f5 15. exf5 gxf5 16. Nh2 f4 17. Nc3 Qg5 18. Ne4 Qg6 19. Kh1 Rad8 20. Nf3 Nf6 21. Nxf6+ Bxf6 22. Qe2 Bf5 23. Rad1 Rf7 24. Rg1 Qh6 25. Kh2 Rg7 26. Bc3 Kf7 27. Qf1 Rdg8 28. g3 fxg3+ 29. fxg3 Qg6 30. Bb2 Ke8 31. a3 Bg5 32. b4 Be3 33. Rg2 Qh5 34. Nh4 Be6 35. Qf3 Qxf3 36. Nxf3 cxb4 37. axb4 Rb7 38. Bc3 Rf8 39. Nd2 Ke7 40. Ne4 Bf5 41. Re2 Bxe4 42. dxe4 Bd4 43. Bxd4 exd4 44. Rxd4 Rxb4 45. Red2 Rf6 46. Ra2 Ke6 47. h4 Ke5 48. Rd3 Kxe4 49. Rda3 Rxc4 50. Rxa7 h5 51. Rc7 d5 0-1

[Event "CRO-ch (Women) 10th"]
[Site "Topusko"]
[Date "2012.02.07"]
[Round "3"]
[White "Ljikar, Tamara"]
[Black "Bazaj Bockai, Snjezana"]
[Result "0-1"]
[WhiteElo "1793"]
[BlackElo "2088"]
[PlyCount "56"]
[EventDate "2012.02.05"]
[EventType "tourn"]
[EventRounds "9"]
[EventCountry "CRO"]
[SourceTitle "CBM 146 Extra"]
[Source "ChessBase"]
[SourceDate "2012.02.29"]
[SourceVersion "1"]
[SourceVersionDate "2012.02.29"]
[SourceQuality "1"]

1. e4 c5 2. Nc3 Nc6 3. g3 Rb8 4. Bg2 b5 5. d3 Qa5 6. f4 g6 7. Be3 Bg7 8. Qd2 b4 9. Nd1 e6 10. Nf3 Nge7 11. 0-0 Nd4 12. e5 Nxf3+ 13. Bxf3 d5 14. exd6 Nf5 15. Bc6+ Bd7 16. Bxd7+ Kxd7 17. Qf2 Rhc8 18. g4 Nxd6 19. Qh4 h5 20. h3 hxg4 21. hxg4 Rh8 22. Qf2 Rh3 23. f5 gxf5 24. Bxc5 Rbh8 25. Bxd6 Kxd6 26. Qf4+ Be5 27. Qc4 Qb6+ 28. Nf2 Rg3# 0-1

[Event "CRO-chT (Women) 20th"]
[Site "Sibenik"]
[Date "2011.10.09"]
[Round "7.1"]
[White "Bazaj Bockai, Snjezana"]
[Black "Jelica, Mara"]
[Result "0-1"]
[WhiteElo "2081"]
[BlackElo "2242"]
[PlyCount "136"]
[EventDate "2011.10.04"]
[EventType "team-tourn"]
[EventRounds "7"]
[EventCountry "CRO"]
[SourceTitle "CBM 144 Extra"]
[Source "ChessBase"]
[SourceDate "2011.10.28"]
[SourceVersion "1"]
[SourceVersionDate "2011.10.28"]
[SourceQuality "1"]
[WhiteTeam "Rijeka Erste Banka (W)"]
[BlackTeam "Busevec Polet (W)"]
[WhiteTeamCountry "CRO"]
[BlackTeamCountry "CRO"]

1. e4 c5 2. Nf3 a6 3. d3 g6 4. g3 Bg7 5. Bg2 Nc6 6. 0-0 b5 7. c3 Bb7 8. d4 cxd4 9. cxd4 Nf6 10. e5 Nd5 11. Nc3 Nxc3 12. bxc3 Qc7 13. Bf4 Qc8 14. Qd2 Na5 15. Bh6 0-0 16. Bxg7 Kxg7 17. Rac1 Bd5 18. Nh4 Bxg2 19. Kxg2 f6 20. Rfe1 fxe5 21. Rxe5 Qc6+ 22. d5 Qc5 23. Rce1 Rf7 24. R5e2 Nc4 25. Qd3 Raf8 26. f4 Nb6 27. Re5 d6 28. Rxe7 Qxd5+ 29. Qxd5 Nxd5 30. R7e6 Rf6 31. Nf3 Rc8 32. Ng5 h6 33. Rxf6 Kxf6 34. Re6+ Kg7 35. Ne4 Nxc3 36. Nxd6 Rd8 37. f5 gxf5 38. Nxf5+ Kf7 39. Rxh6 Rd2+ 40. Kf3 Rxa2 41. g4 Nd5 42. Rh7+ Ke6 43. Nd4+ Ke5 44. Nc6+ Kd6 45. Rh6+ Kc5 46. g5 Ra3+ 47. Kg4 b4 48. Ne5 b3 49. Nd3+ Kc4 50. Rh3 Ra2 51. g6 b2 52. Nxb2+ Rxb2 53. Kf5 Rf2+ 54. Ke5 Re2+ 55. Kf5 Ne7+ 56. Kf6 a5 57. g7 a4 58. Kf7 Kb4 59. Rh6 Kb5 60. g8Q Nxg8 61. Kxg8 a3 62. Rh5+ Kb4 63. Rh6 Re8+ 64. Kf7 Ra8 65. Rh4+ Kc5 66. Rh5+ Kd4 67. Rh4+ Ke5 68. Rh5+ Kf4 0-1

[Event "CRO-chT (Women) 20th"]
[Site "Sibenik"]
[Date "2011.10.06"]
[Round "4.1"]
[White "Medic, Mirjana"]
[Black "Bazaj Bockai, Snjezana"]
[Result "0-1"]
[WhiteElo "2251"]
[BlackElo "2081"]
[PlyCount "78"]
[EventDate "2011.10.04"]
[EventType "team-tourn"]
[EventRounds "7"]
[EventCountry "CRO"]
[SourceTitle "CBM 144 Extra"]
[Source "ChessBase"]
[SourceDate "2011.10.28"]
[SourceVersion "1"]
[SourceVersionDate "2011.10.28"]
[SourceQuality "1"]
[WhiteTeam "Rijeka BKS Bank (W)"]
[BlackTeam "Rijeka Erste Banka (W)"]
[WhiteTeamCountry "CRO"]
[BlackTeamCountry "CRO"]

1. d4 Nf6 2. c4 e6 3. Nc3 b6 4. e4 Bb4 5. Bd3 Bb7 6. Qc2 c5 7. d5 e5 8. Nge2 0-0 9. Ng3 d6 10. Nf5 Bc8 11. h3 Bxc3+ 12. Qxc3 Bxf5 13. exf5 Nbd7 14. Be2 Re8 15. g4 Kh8 16. g5 Ng8 17. h4 e4 18. Bf4 Ne5 19. 0-0-0 Qd7 20. f6 gxf6 21. gxf6 Nxf6 22. Rhg1 Qf5 23. Be3 Rg8 24. Rg5 Rxg5 25. hxg5 Nfg4 26. Bxg4 Qxg4 27. Qc2 Qf3 28. Rg1 a6 29. Kb1 b5 30. cxb5 axb5 31. b3 Kg8 32. Qd1 Qf5 33. Qe2 Nd3 34. g6 fxg6 35. Rg5 Qf6 36. Rg4 Nb4 37. Qb2 Qf3 38. Rf4 Qd1+ 39. Bc1 Qd3+ 0-1

[Event "CRO-chT (Women) 20th"]
[Site "Sibenik"]
[Date "2011.10.05"]
[Round "2.1"]
[White "Racki, Barbara"]
[Black "Bazaj Bockai, Snjezana"]
[Result "1/2-1/2"]
[WhiteElo "1865"]
[BlackElo "2081"]
[PlyCount "155"]
[EventDate "2011.10.04"]
[EventType "team-tourn"]
[EventRounds "7"]
[EventCountry "CRO"]
[SourceTitle "CBM 144 Extra"]
[Source "ChessBase"]
[SourceDate "2011.10.28"]
[SourceVersion "1"]
[SourceVersionDate "2011.10.28"]
[SourceQuality "1"]
[WhiteTeam "Ravna Gora Goranka (W)"]
[BlackTeam "Rijeka Erste Banka (W)"]
[WhiteTeamCountry "CRO"]
[BlackTeamCountry "CRO"]

1. e4 c5 2. c3 Nf6 3. e5 Nd5 4. d4 cxd4 5. Nf3 Nc6 6. cxd4 e6 7. Bc4 Nb6 8. Bb3 d5 9. 0-0 Be7 10. Nc3 Bd7 11. a3 Na5 12. Bc2 Rc8 13. Qd3 Qc7 14. Bb1 Qc4 15. Qe3 Nb3 16. Nd2 Nxd2 17. Bxd2 Qc7 18. b3 f5 19. exf6 Bxf6 20. a4 0-0 21. Qd3 g6 22. Ne2 e5 23. Ra2 Bf5 24. Qg3 Bxb1 25. Rxb1 Qe7 26. dxe5 Bh4 27. Qg4 Bxf2+ 28. Kh1 Qxe5 29. a5 Na8 30. Bh6 Rfe8 31. Rf1 Be3 32. Bxe3 Qxe3 33. b4 Qe4 34. Qd7 Rc7 35. Qd6 Qc4 36. Rd2 Rce7 37. Ng3 Nc7 38. h3 Re3 39. Rdf2 R3e7 40. Rf4 Qc6 41. Rf6 Qxd6 42. Rxd6 Re3 43. Kh2 R8e7 44. Rd8+ Kg7 45. Rd1 Rb3 46. Ne2 Rxb4 47. Nc3 Rb2 48. Nxd5 Nxd5 49. R8xd5 Ree2 50. Rg5 Kf6 51. h4 h6 52. Rg3 Re6 53. Rd5 Rb4 54. Rf3+ Ke7 55. g3 Re2+ 56. Kh3 h5 57. Rfd3 Rbb2 58. Rd7+ Kf6 59. R3d6+ Re6 60. Rd5 Re7 61. R7d6+ Kf7 62. Rd4 Ree2 63. Rd7+ Kf6 64. R4d6+ Ke5 65. Rd5+ Ke4 66. Rd4+ Ke3 67. Rd3+ Kf2 68. g4 Re3+ 69. Rxe3 Kxe3 70. gxh5 gxh5 71. Rd5 Kf4 72. Rxh5 Rb3+ 73. Kg2 Kg4 74. Rh7 Rb2+ 75. Kf1 Rb5 76. a6 bxa6 77. Rxa7 a5 78. Ke2 1/2-1/2

[Event "CRO-chT (Women)"]
[Site "Sibenik"]
[Date "2010.09.06"]
[Round "3"]
[White "Bazaj Bockai, Snjezana"]
[Black "Purgar, Ivona"]
[Result "0-1"]
[WhiteElo "2082"]
[BlackElo "2091"]
[PlyCount "58"]
[EventDate "2010.09.04"]
[EventType "team-tourn"]
[EventRounds "9"]
[EventCountry "CRO"]
[SourceTitle "CBM 138 Extra"]
[Source "ChessBase"]
[SourceDate "2010.10.29"]
[SourceVersion "1"]
[SourceVersionDate "2010.10.29"]
[SourceQuality "1"]

1. e4 c5 2. Nf3 e6 3. c4 Nc6 4. Be2 d6 5. d4 cxd4 6. Nxd4 Nf6 7. Nc3 a6 8. 0-0 Be7 9. Be3 0-0 10. Rc1 Bd7 11. Nb3 b6 12. f4 Qc7 13. Bf3 Ra7 14. Nd5 exd5 15. cxd5 Qb7 16. dxc6 Bxc6 17. e5 Bxf3 18. Rxf3 dxe5 19. fxe5 Nd5 20. Bd4 Bg5 21. Rc2 Nf4 22. Rg3 Ne6 23. Qg4 Bf4 24. Rgc3 Nxd4 25. Nxd4 Qe4 26. Kf1 Qxd4 27. Rc8 Bxe5 28. Rxf8+ Kxf8 29. Rc8+ Ke7 0-1

[Event "CRO-chT (Women) 18th"]
[Site "Sibenik"]
[Date "2009.09.25"]
[Round "5"]
[White "Medic, Mirjana"]
[Black "Bazaj Bockai, Snjezana"]
[Result "1-0"]
[WhiteElo "2322"]
[BlackElo "2094"]
[PlyCount "89"]
[EventDate "2009.09.21"]
[EventType "team-tourn"]
[EventRounds "9"]
[EventCountry "CRO"]
[SourceTitle "CBM 132 Extra"]
[Source "ChessBase"]
[SourceDate "2009.11.03"]
[SourceVersion "1"]
[SourceVersionDate "2009.11.03"]
[SourceQuality "1"]

1. d4 d5 2. c4 c6 3. Nf3 Nf6 4. Nc3 dxc4 5. a4 Bf5 6. e3 e6 7. Bxc4 Bb4 8. 0-0 0-0 9. Qe2 Bg6 10. Ne5 Bh5 11. f3 Nbd7 12. Nd3 Bd6 13. e4 e5 14. d5 Nb6 15. Ba2 cxd5 16. exd5 Re8 17. Bg5 h6 18. Bxf6 Qxf6 19. Ne4 Qe7 20. a5 Nd7 21. Nxd6 Qxd6 22. Qf2 Nf6 23. Qc5 Qd7 24. Rae1 b6 25. Qc6 Qf5 26. Bb1 Rac8 27. Qb7 Qd7 28. Qxd7 Nxd7 29. axb6 axb6 30. Nb4 Rc5 31. Rc1 Kf8 32. Bf5 Nb8 33. Rxc5 bxc5 34. Nc6 Bg6 35. Bxg6 fxg6 36. Rc1 Nd7 37. Re1 Kf7 38. Kf2 g5 39. Ra1 Nf6 40. Ra7+ Kf8 41. d6 Rc8 42. Rc7 Ra8 43. d7 Nxd7 44. Rxd7 Ra2 45. Rd2 1-0

[Event "CRO-chT (Women) 18th"]
[Site "Sibenik"]
[Date "2009.09.24"]
[Round "4"]
[White "Bazaj Bockai, Snjezana"]
[Black "Macek, Vlasta"]
[Result "1/2-1/2"]
[WhiteElo "2094"]
[BlackElo "2220"]
[PlyCount "51"]
[EventDate "2009.09.21"]
[EventType "team-tourn"]
[EventRounds "9"]
[EventCountry "CRO"]
[SourceTitle "CBM 132 Extra"]
[Source "ChessBase"]
[SourceDate "2009.11.03"]
[SourceVersion "1"]
[SourceVersionDate "2009.11.03"]
[SourceQuality "1"]

1. e4 e6 2. d4 d5 3. Nd2 Nf6 4. e5 Nfd7 5. Bd3 c5 6. c3 Nc6 7. Ne2 cxd4 8. cxd4 a5 9. 0-0 Nb6 10. Nf3 h6 11. Qd2 Bd7 12. Qf4 Nb4 13. Bb1 Bb5 14. Re1 Nd3 15. Bxd3 Bxd3 16. Ng3 Nc8 17. Bd2 Ne7 18. Rac1 Nc6 19. Nh5 Bg6 20. Qg4 Bxh5 21. Qxh5 Bb4 22. Qg4 g6 23. Bc3 0-0 24. a3 Be7 25. Bd2 Kg7 26. Rc3 1/2-1/2

[Event "CRO-chT (Women) 18th"]
[Site "Sibenik"]
[Date "2009.09.23"]
[Round "3"]
[White "Krivec, Jana"]
[Black "Bazaj Bockai, Snjezana"]
[Result "1-0"]
[WhiteElo "2329"]
[BlackElo "2094"]
[PlyCount "51"]
[EventDate "2009.09.21"]
[EventType "team-tourn"]
[EventRounds "9"]
[EventCountry "CRO"]
[SourceTitle "CBM 132 Extra"]
[Source "ChessBase"]
[SourceDate "2009.11.03"]
[SourceVersion "1"]
[SourceVersionDate "2009.11.03"]
[SourceQuality "1"]

1. e4 c5 2. Nc3 Nc6 3. Bb5 Nd4 4. Nf3 Nxb5 5. Nxb5 a6 6. Nc3 d6 7. d4 cxd4 8. Qxd4 Nf6 9. e5 dxe5 10. Qxd8+ Kxd8 11. Nxe5 Be6 12. Be3 Rc8 13. 0-0-0+ Kc7 14. Na4 Nd7 15. Nxd7 Bxd7 16. Bf4+ e5 17. Bxe5+ Kc6 18. Rhe1 Be6 19. Re3 Bb4 20. Rd4 Kb5 21. a3 Ba5 22. Bxg7 Rhd8 23. Re5+ Bd5 24. Rexd5+ Rxd5 25. Rxd5+ Kxa4 26. b3+ 1-0

[Event "CRO-ch (Women)"]
[Site "Djakovo"]
[Date "2008.02.07"]
[Round "8"]
[White "Bazaj Bockai, Snjezana"]
[Black "Purgar, Ivona"]
[Result "1-0"]
[WhiteElo "2119"]
[BlackElo "2049"]
[PlyCount "69"]
[EventDate "2008.02.02"]
[EventType "tourn"]
[EventRounds "9"]
[EventCountry "CRO"]
[EventCategory "3"]
[SourceTitle "CBM 122 Extra"]
[Source "ChessBase"]
[SourceDate "2008.03.04"]
[SourceVersion "1"]
[SourceVersionDate "2008.03.04"]
[SourceQuality "1"]

1. e4 c5 2. Nf3 e6 3. d4 cxd4 4. Nxd4 Nf6 5. Nc3 d6 6. Be2 Be7 7. 0-0 0-0 8. Be3 a6 9. a4 Qc7 10. Nb3 b6 11. f4 Bb7 12. Bf3 Nc6 13. Qe1 Rab8 14. Qf2 Ba8 15. Kh1 e5 16. Rad1 exf4 17. Bxf4 Ne5 18. Qg3 Kh8 19. Nd4 Rfe8 20. Nf5 Bf8 21. Rxd6 Ng6 22. Nxg7 Nxf4 23. Nxe8 Nxe8 24. Rd2 Bd6 25. Qg5 Ne6 26. Qh4 Be5 27. Nd5 Bxd5 28. exd5 Nc5 29. Bh5 Nd6 30. Rdf2 f6 31. Rxf6 Bxf6 32. Qxf6+ Kg8 33. Rf4 h6 34. Rg4+ Kh7 35. Bg6+ 1-0

[Event "CRO-ch (Women)"]
[Site "Djakovo"]
[Date "2008.02.06"]
[Round "7"]
[White "Saric, Zrinka"]
[Black "Bazaj Bockai, Snjezana"]
[Result "0-1"]
[WhiteElo "2025"]
[BlackElo "2119"]
[PlyCount "76"]
[EventDate "2008.02.02"]
[EventType "tourn"]
[EventRounds "9"]
[EventCountry "CRO"]
[EventCategory "3"]
[SourceTitle "CBM 122 Extra"]
[Source "ChessBase"]
[SourceDate "2008.03.04"]
[SourceVersion "1"]
[SourceVersionDate "2008.03.04"]
[SourceQuality "1"]

1. e4 c5 2. Nf3 e6 3. d4 cxd4 4. Nxd4 Nf6 5. Nc3 d6 6. f4 a6 7. Qf3 Qc7 8. g4 h6 9. Be3 Nbd7 10. Bd3 b5 11. h4 b4 12. Nce2 Nc5 13. g5 Nfxe4 14. Nxe6 Bxe6 15. Bxe4 0-0-0 16. Bd5 hxg5 17. Bxe6+ fxe6 18. Bxc5 Qxc5 19. Qa8+ Kc7 20. Qxa6 gxf4 21. Nxf4 Qe3+ 22. Ne2 Be7 23. Qc4+ Qc5 24. Qxc5+ dxc5 25. h5 Bg5 26. Ng3 Rd4 27. Ne2 Rd2 28. Rg1 Rd5 29. Rh1 Bd2+ 30. Kf2 Rf5+ 31. Kg3 Rg5+ 32. Kf3 Rf8+ 33. Ke4 Rf2 34. Rad1 Rxe2+ 35. Kd3 Rgg2 36. Rhg1 Re3+ 37. Kc4 Re4+ 38. Kd3 Rd4# 0-1

[Event "CRO-chT (Women)"]
[Site "Sibenik"]
[Date "2005.10.07"]
[Round "7.1"]
[White "Bazaj Bockai, Snjezana"]
[Black "Medic, Mirjana"]
[Result "1/2-1/2"]
[WhiteElo "2127"]
[BlackElo "2250"]
[PlyCount "60"]
[EventDate "2005.10.01"]
[EventType "team"]
[EventRounds "7"]
[EventCountry "CRO"]
[SourceTitle "CBM 108 Extra"]
[Source "ChessBase"]
[SourceDate "2005.11.04"]
[SourceVersion "1"]
[SourceVersionDate "2005.11.04"]
[SourceQuality "1"]

1. e4 e6 2. d4 d5 3. Nd2 Nf6 4. e5 Nfd7 5. Bd3 c5 6. c3 Nc6 7. Ne2 a5 8. 0-0 cxd4 9. cxd4 Nb6 10. Nf3 h6 11. Nf4 Nb4 12. Bb1 a4 13. a3 Nc6 14. Bc2 Bd7 15. Nh5 Na5 16. Bd2 Bb5 17. Re1 Nac4 18. Bc3 Qc7 19. Rb1 Nd7 20. Nd2 g6 21. Nf4 Qc6 22. Nxc4 Bxc4 23. Qd2 Be7 24. Rbc1 Nb6 25. Bb4 Bxb4 26. Qxb4 Qb5 27. Qc3 Qd7 28. Qb4 Qb5 29. Qc3 Qd7 30. Qb4 Qb5 1/2-1/2

[Event "CRO-chT (Women)"]
[Site "Sibenik"]
[Date "2005.10.04"]
[Round "4.1"]
[White "Jelica, Mara"]
[Black "Bazaj Bockai, Snjezana"]
[Result "1-0"]
[WhiteElo "2194"]
[BlackElo "2127"]
[PlyCount "81"]
[EventDate "2005.10.01"]
[EventType "team"]
[EventRounds "7"]
[EventCountry "CRO"]
[SourceTitle "CBM 108 Extra"]
[Source "ChessBase"]
[SourceDate "2005.11.04"]
[SourceVersion "1"]
[SourceVersionDate "2005.11.04"]
[SourceQuality "1"]

1. e4 c5 2. Nf3 e6 3. d4 cxd4 4. Nxd4 Nf6 5. Nc3 d6 6. Be2 Nc6 7. Be3 Be7 8. 0-0 a6 9. Kh1 0-0 10. f4 Qc7 11. Qe1 Nxd4 12. Bxd4 b5 13. a3 Bb7 14. Qg3 g6 15. Bd3 Nh5 16. Qh3 Nxf4 17. Rxf4 e5 18. Bxe5 dxe5 19. Rff1 Rad8 20. Qh6 Rfe8 21. Rxf7 Kxf7 22. Qxh7+ Ke6 23. Qxg6+ Bf6 24. Be2 Qg7 25. Qf5+ Ke7 26. Qf2 Rd4 27. Bf3 Red8 28. Rf1 Qg5 29. h3 Qh4 30. Qe2 Bg5 31. Nxb5 Rd2 32. Qc4 axb5 33. Qc7+ R8d7 34. Qxe5+ Kd8 35. Bg4 Rf2 36. Qb8+ Ke7 37. Qe5+ Kf8 38. Qc5+ Be7 39. Rxf2+ Kg7 40. Qc3+ Kh7 41. Bf5+ 1-0

[Event "CRO-chT (Women)"]
[Site "Rabac"]
[Date "2004.09.08"]
[Round "4"]
[White "Djeno, Snjezana"]
[Black "Bazaj Bockai, Snjezana"]
[Result "0-1"]
[WhiteElo "2034"]
[BlackElo "2161"]
[PlyCount "120"]
[EventDate "2004.09.05"]
[EventType "team-swiss"]
[EventRounds "9"]
[EventCountry "CRO"]
[SourceTitle "CBM 102 Extra"]
[Source "ChessBase"]
[SourceDate "2004.11.03"]
[SourceVersion "1"]
[SourceVersionDate "2004.11.03"]
[SourceQuality "1"]

1. b3 d5 2. Bb2 c5 3. e3 Nc6 4. Bb5 Bd7 5. Bxc6 Bxc6 6. d3 Nf6 7. Nd2 e6 8. Ngf3 b6 9. Ne5 Bb7 10. f4 Be7 11. Ndf3 0-0 12. g4 Nd7 13. Nxd7 Qxd7 14. Qe2 c4 15. 0-0 cxd3 16. cxd3 Rac8 17. Rac1 Ba6 18. Qd2 Bd6 19. h3 f6 20. Rfd1 h5 21. Qg2 Rxc1 22. Bxc1 Qf7 23. d4 Rc8 24. Bb2 Qg6 25. Nh4 Qc2 26. Rc1 Qxg2+ 27. Kxg2 Rxc1 28. Bxc1 hxg4 29. hxg4 Bd3 30. a3 a5 31. Nf3 Be2 32. Kg3 Bd1 33. Nd2 g5 34. Bb2 b5 35. Bc1 Kf7 36. Bb2 Kg6 37. Bc1 f5 38. gxf5+ Kxf5 39. Kf2 gxf4 40. exf4 Bxf4 41. Ke1 Bc2 42. b4 a4 43. Ke2 Be4 44. Bb2 e5 45. dxe5 Bxe5 46. Bc1 Bc2 47. Nf3 Bc3 48. Ke3 Be4 49. Nd4+ Ke5 50. Nc6+ Kf5 51. Nd4+ Ke5 52. Nc6+ Kd6 53. Nd4 Bxd4+ 54. Kxd4 Ke6 55. Bb2 Bg2 56. Bc1 Bf1 57. Bb2 Kd6 58. Bc1 Bc4 59. Bb2 Ke6 60. Ke3 Kf5 0-1

[Event "Krk (Women)"]
[Site "Krk"]
[Date "2004.09.03"]
[Round "9"]
[White "Sargac, Rajna"]
[Black "Bazaj Bockai, Snjezana"]
[Result "1/2-1/2"]
[WhiteElo "2211"]
[BlackElo "2161"]
[PlyCount "20"]
[EventDate "2004.08.26"]
[EventType "tourn"]
[EventRounds "9"]
[EventCountry "CRO"]
[EventCategory "1"]
[SourceTitle "CBM 102 Extra"]
[Source "ChessBase"]
[SourceDate "2004.11.03"]
[SourceVersion "1"]
[SourceVersionDate "2004.11.03"]
[SourceQuality "1"]

1. d4 d5 2. e3 Nf6 3. Be2 e6 4. Nf3 Be7 5. 0-0 0-0 6. b3 b6 7. Bb2 Bb7 8. Nbd2 Nbd7 9. Rc1 Rc8 10. Re1 c5 1/2-1/2

[Event "Krk (Women)"]
[Site "Krk"]
[Date "2004.09.01"]
[Round "7"]
[White "Bazaj Bockai, Snjezana"]
[Black "Srebrnic, Ana"]
[Result "1-0"]
[WhiteElo "2161"]
[BlackElo "2257"]
[PlyCount "55"]
[EventDate "2004.08.26"]
[EventType "tourn"]
[EventRounds "9"]
[EventCountry "CRO"]
[EventCategory "1"]
[SourceTitle "CBM 102 Extra"]
[Source "ChessBase"]
[SourceDate "2004.11.03"]
[SourceVersion "1"]
[SourceVersionDate "2004.11.03"]
[SourceQuality "1"]

1. e4 e5 2. d4 exd4 3. Qxd4 Nc6 4. Qe3 Nf6 5. Nc3 Be7 6. Bd2 0-0 7. 0-0-0 d5 8. exd5 Nxd5 9. Qg3 Bd6 10. f4 Nf6 11. Nf3 Ne7 12. Bd3 Nf5 13. Qf2 b6 14. Ne4 Nxe4 15. Bxe4 Rb8 16. Rhe1 Bc5 17. Qf1 Qf6 18. g4 Nd6 19. g5 Qd8 20. Bc3 Bd7 21. Ne5 a5 22. Qf3 Qc8 23. Nxd7 Qxd7 24. Qh5 g6 25. Qh6 f6 26. gxf6 Bb4 27. Bd5+ Rf7 28. Qg7# 1-0